Countries Bad Bunny Toured in the World's Hottest Tour - Statistics

General Stats
  • This quiz has been taken 35 times
    30 since last reset
  • The average score is 4 of 13
Answer Stats
Hint Answer % Correct
1 United States of America
100%
2 Dominican Republic
48%
3 Argentina
41%
4 Paraguay
26%
7 Colombia
22%
9 Costa Rica
22%
6 Ecuador
22%
10 El Salvador
22%
12 Guatemala
22%
11 Honduras
22%
13 Mexico
22%
8 Panama
22%
5 Peru
22%
No matching quizzes found
Score Distribution
Percent of People with Each Score
Percentile by Number Answered
Your Score History
You have not taken this quiz since the last reset